| 000 | 01332nam a22002537a 4500 | ||
|---|---|---|---|
| 001 | 1673 | ||
| 005 | 20230926135626.0 | ||
| 020 | _a9781402217784 | ||
| 040 |
_aDLC _cDLC _dDLC _beng |
||
| 050 | 0 | 0 |
_aPZ7.S604 _bHob 1997 |
| 082 | 0 |
_a823.914 _220 |
|
| 100 | 1 | _aSimon, Francesca | |
| 245 | 1 | 0 |
_aHorrid Henry and the tooth fairy / _cFrancesca Simon ; illustrated by Tony Ross |
| 260 |
_aLondon : _bOrion, _c1997. |
||
| 300 |
_a96 pages : _billustrations ; _c20 cm |
||
| 500 | _a"A Dolphin Paperback" | ||
| 505 | _aF | ||
| 520 | _aAge Level: 7 and up | Grade Level: 2 to 5 Horrid Henry reads Perfect Peter's diary and improves it; goes shopping with Mom and tries to make her buy him some really nice new sneakers; is horrified when his old enemy Bossy Bill turns up at school; and tries, by any means, to win the class soccer match and defeat Moody Margaret. Francesca Simon is one of the world's best-loved children's authors. She is the only American to have ever won the Galaxy Book Award, and her creation, Horrid Henry, is the #1 bestselling chapter book series in the UK--with a hit TV show and over fifteen million copies sold! Each book contains four easy-to-read | ||
| 521 |
_a450
_bLexile |
||
| 521 |
_aF
_bRaz-Plus |
||
| 700 | 1 | _aRoss, Tony | |
| 906 |
_a7 _bcbc _ccopycat _d2 _encip _f20 _gy-gencatlg |
||
| 942 |
_2ddc _cBK _n0 |
||
| 999 |
_c1673 _d1673 |
||